000 00406nam a22001457a 4500
005 20251108164200.0
008 250721s9999 xx 000 0 ara d
082 1 4 _a796.812/تعل
245 1 0 _aتعلم الكاراتيه بالصور /
264 1 _aبيروت :
_bمكتبة الحياه،
_c[19-].
300 _a135ص
650 1 7 _aالألعاب الرياضية
942 _2ddc
_cBK
999 _c5733
_d5733